00490cam a22002051 4500001001300000003000400013005001700017008004100034010001700075035002000092040001800112042001200130050002200142100002700164245001800191260002100209300001900230500001800249999001700267sa 67005737 DLC20260227112400.0891012s1966 ii 000 0 malo  asa 67005737  a(OCoLC)20483542 aDLCcWaUdDLC apremarc00aPL4718.9.K344bA91 aKarthikeyan, Alleppey.10aAviśvāsi. a[Trichur?c1966] a188 p.c18 cm. aIn Malayalam. c75409d75409